|
|
|
|
| LEADER |
00000cam a22000004a 4500 |
| 001 |
musev2_3216 |
| 003 |
MdBmJHUP |
| 005 |
20230905040415.0 |
| 006 |
m o d |
| 007 |
cr||||||||nn|n |
| 008 |
001107s2001 mdu o 00 0 eng d |
| 010 |
|
|
|z 00012362
|
| 020 |
|
|
|a 9780801876608
|
| 020 |
|
|
|z 9780801867002
|
| 035 |
|
|
|a (OCoLC)51481090
|
| 040 |
|
|
|a MdBmJHUP
|c MdBmJHUP
|
| 043 |
|
|
|a n-us---
|
| 050 |
0 |
4 |
|a E161.3
|b .H66 2001
|
| 082 |
0 |
|
|a 304.2/0973
|2 21
|
| 245 |
0 |
0 |
|a Homelands :
|b A Geography of Culture and Place across America /
|c edited by Richard L. Nostrand and Lawrence E. Estaville.
|
| 264 |
|
1 |
|a Baltimore :
|b Johns Hopkins University Press,
|c 2001.
|
| 264 |
|
3 |
|a Baltimore, Md. :
|b Project MUSE,
|c 2012
|
| 264 |
|
4 |
|c ©2001.
|
| 300 |
|
|
|a 1 online resource (352 pages):
|b ill., maps ;
|
| 336 |
|
|
|a text
|b txt
|2 rdacontent
|
| 337 |
|
|
|a computer
|b c
|2 rdamedia
|
| 338 |
|
|
|a online resource
|b cr
|2 rdacarrier
|
| 500 |
|
|
|a "Published in cooperation with the Center for American Places, Santa Fe, New Mexico, and Harrisonburg, Virginia."
|
| 504 |
|
|
|a Includes bibliographical references (p. 273-306) and index.
|
| 588 |
|
|
|a Description based on print version record.
|
| 651 |
|
0 |
|a United States
|x Description and travel.
|
| 651 |
|
0 |
|a United States
|x Civilization.
|
| 651 |
|
0 |
|a United States
|x Geography.
|
| 650 |
|
0 |
|a Minorities
|z United States
|x History.
|
| 650 |
|
0 |
|a Immigrants
|z United States
|x History.
|
| 650 |
|
0 |
|a Ethnicity
|z United States
|x History.
|
| 650 |
|
0 |
|a Cultural pluralism
|z United States
|x History.
|
| 650 |
|
0 |
|a Place (Philosophy)
|
| 650 |
|
0 |
|a Regionalism
|z United States
|x History.
|
| 650 |
|
0 |
|a Human geography
|z United States.
|
| 655 |
|
7 |
|a Electronic books.
|2 local
|
| 700 |
1 |
|
|a Estaville, Lawrence E.
|q (Lawrence Ernest)
|
| 700 |
1 |
|
|a Nostrand, Richard L.
|q (Richard Lee),
|d 1939-
|
| 710 |
2 |
|
|a Center for American Places.
|
| 710 |
2 |
|
|a Project Muse.
|e distributor
|
| 830 |
|
0 |
|a Book collections on Project MUSE.
|
| 856 |
4 |
0 |
|z Texto completo
|u https://projectmuse.uam.elogim.com/book/3216/
|
| 945 |
|
|
|a Project MUSE - Custom Collection
|
| 945 |
|
|
|a Project MUSE - Archive Complete Foundation
|
| 945 |
|
|
|a Project MUSE - Archive History Foundation
|